| 000 | 00383 a2200169 4500 | ||
|---|---|---|---|
| 001 | 191324 | ||
| 020 | _a978-85-8057-317-6 | ||
| 040 | _cMagnum | ||
| 100 | _aRiordan, Rick | ||
| 240 | 1 | 0 |
_aOs diários do semideus _lpor |
| 245 | 1 | 0 | _aOs diários do semideus |
| 300 | _a288 | ||
| 362 | 0 | _a2013 | |
| 440 | 1 | _aIntrínseca | |
| 697 | _aLITERATURA JUVENIL ESTRANGEIRA | ||
| 942 | _cBK | ||
| 999 |
_c191324 _d191324 |
||